000 00494nam a2200193Ia 4500
008 101110s9999 xx 000 0 und d
041 _aMARATHI
082 _bJR1649
100 _aKopardekar, Sherlelar. Shejavalkar
245 _aAdhunik Vyapar Sangathan Std.XI
365 _b18.75
520 _aCommerce
546 _aMARATHI
630 _aAdhunik Vyapar Sangathan Std.XI
650 _aCommerce
655 _aCommerce
730 _aAdhunik Vyapar Sangathan Std.XI
942 _cBOOK
999 _c793877
_d793874